[Event "Churchiecat's Tournament"]
[Site "SchemingMind.com"]
[Date "2015.01.05"]
[Round "-"]
[White "frankly"]
[Black "Robert Bruce"]
[Result "1-0"]
[WhiteCountry "ENG"]
[BlackCountry "SCO"]
[WhiteElo "2402"]
[WhiteRD "69"]
[BlackElo "2136"]
[BlackRD "65"]
[GameID "372488"]

1. d4 d5 2. Nf3 Nf6 3. c4 e6 4. Nc3 c5 5. cxd5 Nxd5 6. e4 Nxc3 7. bxc3 cxd4 8. cxd4 Nc6 9. Rb1 Bb4+ 10. Bd2 Be7
11. Bc3 O-O 12. Bd3 a5 13. Bc4 Qc7 14. Qe2 Na7 15. Rc1 Ba3 16. Bb2 Bb4+ 17. Nd2 Qe7 18. O-O b5 19. Bd3 a4 20. e5 Bb7
21. Ne4 Rfd8 22. a3 Ba5 23. Rfd1 Rab8 24. d5 Rxd5 25. Nf6+ gxf6 26. Qg4+ Kh8 27. Qh4 Rxd3 28. Rxd3 Rd8 29. Bd4 Rg8 30. Rh3 Be4
31. Qxe4 f5 32. Qe3 Qb7 33. Rg3 Rxg3 34. hxg3 Bd8 35. Qh6 Be7 36. Bxa7 Qd7 37. Bc5 Bxc5 38. Rxc5 Kg8 39. Kh2 Qe8 40. Qg5+ Kh8
41. Rc7 b4 42. axb4 a3 43. Qf6+ Kg8 44. Ra7 h6 45. b5 a2 46. b6 a1=Q 47. Rxa1 Kh7 48. b7 Qh8 49. Qxh8+
1-0

[Event "Churchiecat's Tournament"]
[Site "SchemingMind.com"]
[Date "2015.01.04"]
[Round "-"]
[White "Robert Bruce"]
[Black "frankly"]
[Result "1-0"]
[WhiteCountry "SCO"]
[BlackCountry "ENG"]
[WhiteElo "2142"]
[WhiteRD "66"]
[BlackElo "2408"]
[BlackRD "65"]
[GameID "372489"]

1. c4 e5 2. g3 Nc6 3. Nc3 Nf6 4. Bg2 Bc5 5. Nf3 d6 6. d3 O-O 7. O-O h6 8. a3 Nd4 9. b4 Nxf3+ 10. Bxf3 Bd4
11. Bb2 c6 12. e3 Bb6 13. d4 exd4 14. exd4 Bxd4 15. Qxd4
1-0

[Event "Churchiecat's Tournament"]
[Site "SchemingMind.com"]
[Date "2015.01.09"]
[Round "-"]
[White "jrsanpedro"]
[Black "frankly"]
[Result "1/2-1/2"]
[WhiteCountry "ARG"]
[BlackCountry "ENG"]
[WhiteElo "2133"]
[WhiteRD "64"]
[BlackElo "2402"]
[BlackRD "69"]
[GameID "372531"]

1. d4 Nf6 2. c4 e6 3. Nc3 d5 4. Bf4 c5 5. e3 cxd4 6. exd4 Bd6 7. Bxd6 Qxd6 8. c5 Qe7 9. Nf3 O-O 10. Bd3 b6
11. b4 a5 12. a3 axb4 13. axb4 Rxa1 14. Qxa1 Nc6 15. Qa4 Bb7 16. O-O e5 17. dxe5 Nxe5 18. Nxe5 Qxe5 19. Ne2 Ra8 20. Qb5 Ba6
21. Qa4 Bb7 22. Qb5=
1/2-1/2

[Event "Churchiecat's Tournament"]
[Site "SchemingMind.com"]
[Date "2015.01.08"]
[Round "-"]
[White "frankly"]
[Black "jrsanpedro"]
[Result "0-1"]
[WhiteCountry "ENG"]
[BlackCountry "ARG"]
[WhiteElo "2421"]
[WhiteRD "63"]
[BlackElo "2158"]
[BlackRD "69"]
[GameID "372532"]

1. d4 Nf6 2. c4 e6 3. Nf3 d5 4. Nc3 c6 5. e3 Nbd7 6. Bd3 dxc4 7. Bxc4 b5 8. Bd3 Bb7 9. a3 b4 10. axb4 Bxb4
11. O-O c5 12. Qe2 O-O 13. Ne5 Qe7 14. Ba6 Bxa6 15. Rxa6 Nb8 16. Ra1 a5 17. Qf3 Ra6 18. Rd1 Rd8 19. h3 Nfd7 20. Ne2 Nxe5
21. Qh5 Nec6 22. b3 Rd5 23. Qg4 cxd4 24. exd4 Ne5 25. Qe4 Ng6 26. Bd2 Nc6 27. Be3 Qf6 28. Rdc1 Nce7 29. Rc2 Qf5 30. f3 Rd8
31. Qxf5 Nxf5 32. Bf2 Raa8 33. Rac1 Nfe7 34. Ra1 Rac8 35. Rc4 Kf8
0-1

[Event "Churchiecat's Tournament"]
[Site "SchemingMind.com"]
[Date "2015.01.09"]
[Round "-"]
[White "jrsanpedro"]
[Black "Robert Bruce"]
[Result "1/2-1/2"]
[WhiteCountry "ARG"]
[BlackCountry "SCO"]
[WhiteElo "2133"]
[WhiteRD "64"]
[BlackElo "2136"]
[BlackRD "65"]
[GameID "372533"]

1. d4 d5 2. Nf3 e6 3. c4 c5 4. cxd5 exd5 5. g3 Nc6 6. Bg2 Nf6 7. O-O Be7 8. dxc5 Bxc5 9. Bg5 Bf5 10. e3 Rc8
11. Nc3 O-O 12. Rc1 Be7 13. Bxf6 Bxf6 14. Qxd5 Be6 15. Qxd8 Rfxd8 16. Rfd1 Bxc3 17. bxc3=
1/2-1/2

[Event "Churchiecat's Tournament"]
[Site "SchemingMind.com"]
[Date "2015.01.09"]
[Round "-"]
[White "Robert Bruce"]
[Black "jrsanpedro"]
[Result "0-1"]
[WhiteCountry "SCO"]
[BlackCountry "ARG"]
[WhiteElo "2122"]
[WhiteRD "68"]
[BlackElo "2133"]
[BlackRD "76"]
[GameID "372534"]

1. f4 d5 2. Nf3 g6 3. e3 Bg7 4. Be2 Nf6 5. O-O O-O 6. d3 c5 7. Qe1 Bg4 8. Ne5 Bxe2 9. Qxe2 Nbd7 10. b3 Qc7
11. Bb2 Ne8 12. d4 Nd6 13. c4 cxd4 14. Bxd4 Nxe5 15. fxe5 Ne4 16. Nd2 Nxd2 17. Qxd2 dxc4 18. Rac1 Bxe5 19. Bxe5 Qxe5 20. Rxc4 Rfd8
21. Qf2 f6 22. Qf4 Qxf4 23. exf4 Rd7 24. Rfc1 Rad8 25. Rc7 Kf7 26. R1c2 h5 27. Kf2 g5 28. fxg5 fxg5 29. Rxd7 Rxd7 30. Rc5 Rd2+
31. Kf1 Kf6 32. h4 gxh4 33. Ra5 a6 34. Rxh5 Rxa2 35. Rxh4 b5 36. Rf4+ Ke5 37. Rf7 e6 38. g4 Ra3 39. g5 Rxb3 40. Kg2 Rc3
41. g6 Rc8 42. g7 Rg8 43. Kf3 b4 44. Ke3 a5 45. Kd3 a4 46. Kc2 Kd5 47. Ra7 Kc4 48. Rc7+ Kb5 49. Rb7+ Kc5 50. Re7 Kd4
51. Rd7+ Ke4 52. Ra7 e5 53. Rxa4 Rxg7 54. Rxb4+ Ke3 55. Rb8= e4 56. Re8 Rd7 57. Rh8 Kf2 58. Rh2+ Kg3 59. Re2 Kf3 60. Re1 e3
61. Rf1+ Ke2 62. Rf8 Rc7+ 63. Kb3 Ke1 64. Kb2 e2 65. Kb3 Kd2
0-1

[Event "Churchiecat's Tournament"]
[Site "SchemingMind.com"]
[Date "2015.01.09"]
[Round "-"]
[White "jrsanpedro"]
[Black "William Lindberg"]
[Result "1/2-1/2"]
[WhiteCountry "ARG"]
[BlackCountry "USA"]
[WhiteElo "2129"]
[WhiteRD "69"]
[BlackElo "2204"]
[BlackRD "67"]
[GameID "372573"]

1. d4 Nf6 2. c4 e6 3. Nc3 d5 4. Nf3 Be7 5. Bg5 O-O 6. e3 h6 7. Bh4 Nbd7 8. Rc1 c6 9. Bd3 dxc4 10. Bxc4 b5
11. Bd3 b4 12. Na4 Bb7 13. O-O Rc8 14. Bxf6 Bxf6 15. Bb1 c5 16. dxc5 Bc6 17. Qc2 g6 18. Nd4 Bxd4 19. exd4 Nf6 20. Rfd1 Ne4
21. Qb3 Nf6 22. g3 Qd7 23. Bc2 e5 24. Qc4 Qh3 25. Qf1 Qh5 26. h3 Rfe8 27. Bb3 exd4 28. Rxd4=
1/2-1/2

[Event "Churchiecat's Tournament"]
[Site "SchemingMind.com"]
[Date "2015.01.08"]
[Round "-"]
[White "William Lindberg"]
[Black "jrsanpedro"]
[Result "1/2-1/2"]
[WhiteCountry "USA"]
[BlackCountry "ARG"]
[WhiteElo "2191"]
[WhiteRD "70"]
[BlackElo "2158"]
[BlackRD "69"]
[GameID "372574"]

1. c4 e6 2. Nf3 d5 3. d4 Be7 4. cxd5 exd5 5. e3 Bf5 6. Bd3 Bxd3 7. Qxd3 c6 8. Nbd2 Nf6 9. O-O Nbd7 10. e4 dxe4
11. Nxe4 Nxe4 12. Qxe4 Nf6 13. Qc2 Nd5 14. Bd2 O-O 15. Rfe1 Re8 16. Re4 Qd7 17. Rae1 Bd6 18. g3 Rxe4 19. Qxe4 Nf6 20. Qd3 Re8
21. Rxe8+ Nxe8 22. a3 Nf6 23. Kg2 Bc7 24. Qe3 Nd5 25. Qe4 a6 26. Ne5 Qe6 27. f3 Nf6 28. Qe1 Bb6 29. Qe3 Nd5 30. Qd3 h6
31. Nc4 Bc7 32. Qe4 Qd7 33. Ne5 Qc8 34. Nd3 a5 35. Ne5 Nf6 36. Qd3 Qd8 37. Nc4 c5 38. Bc3 b5 39. Ne3 b4 40. axb4 axb4
41. Bd2 Qxd4=
1/2-1/2

[Event "Churchiecat's Tournament"]
[Site "SchemingMind.com"]
[Date "2015.01.07"]
[Round "-"]
[White "frankly"]
[Black "William Lindberg"]
[Result "1-0"]
[WhiteCountry "ENG"]
[BlackCountry "USA"]
[WhiteElo "2402"]
[WhiteRD "69"]
[BlackElo "2186"]
[BlackRD "67"]
[GameID "372575"]

1. d4 Nf6 2. c4 e6 3. Nf3 d5 4. Nc3 Be7 5. Bf4 O-O 6. e3 Nc6 7. Rc1 h6 8. Be2 dxc4 9. Bxc4 Nd5 10. Bg3 Nxc3
11. bxc3 Bd6 12. O-O b6 13. Bd3 Bb7 14. Bc2 Qd7 15. Re1 Ba6 16. c4 Rad8 17. Qd3 f5 18. Ba4 Bb7 19. Qb1 Bxg3 20. hxg3 Qc8
21. c5 Qa8 22. Qc2 Ne7 23. Ne5 Bxg2 24. cxb6 axb6 25. Qxc7 Bh3 26. Bc6 Nxc6 27. Qxc6 Rd6 28. Qxa8 Rxa8 29. a4 Kh7 30. f3 f4
31. gxf4 Rxa4 32. Re2 Rd8 33. Kh2 Bf5 34. Rg2 Rg8 35. e4 Bxe4 36. fxe4 Rxd4 37. Rc7 Rxe4 38. Rf7 Rd4 39. Nd7 Kh8 40. Nf8 Rd5
41. Nxe6 Rh5+ 42. Kg1 b5 43. Nf8 Rc5 44. f5 Rc6 45. Ng6+ Rxg6 46. Rxg6 b4 47. Kh2 b3 48. Rb6 h5 49. Rxb3 h4 50. Kh3 Rd8
51. Kxh4 Rd1 52. f6 Rh1+ 53. Rh3 Rg1 54. Rxg7 Rxg7 55. fxg7+ Kxg7 56. Kg5 Kf7 57. Re3 Kg7 58. Re7+
1-0

[Event "Churchiecat's Tournament"]
[Site "SchemingMind.com"]
[Date "2015.01.07"]
[Round "-"]
[White "William Lindberg"]
[Black "frankly"]
[Result "0-1"]
[WhiteCountry "USA"]
[BlackCountry "ENG"]
[WhiteElo "2186"]
[WhiteRD "67"]
[BlackElo "2402"]
[BlackRD "69"]
[GameID "372576"]

1. c4 e5 2. Nc3 Nc6 3. e3 Nf6 4. Nf3 Bb4 5. Qc2 O-O 6. Bd3 Bxc3 7. bxc3 d6 8. O-O h6 9. h3 Qe7 10. e4 Nh5
11. Be2 Nf4 12. d4 Nxe2+ 13. Qxe2 f5 14. exf5 Bxf5 15. d5 Na5 16. Nd4 b6 17. f4 Rae8 18. fxe5 Qxe5 19. Qxe5 Rxe5 20. Bf4 Ree8
21. Bxh6 Bd7 22. Rxf8+ Kxf8 23. Bf4 Nxc4 24. Kf2 b5 25. Rd1 Kg8 26. Nc2 Rf8 27. Kg3 Nb2 28. Rd4 a5 29. Bd2 Rf1 30. Be1 Nc4
31. Rf4 Rh1 32. Rf2 Nb6 33. Rd2 Bf5 34. Nd4 Rxe1 35. Nxf5 Rc1 36. Kg4 Rxc3 37. Ne7+ Kf7 38. Nc6 Rc5 39. Nd8+ Ke7 40. Ne6 Rxd5
41. Re2 Re5 42. Rxe5 dxe5 43. Nxc7 b4 44. Nb5 Nd5 45. Kf3 Nc3 46. Nxc3 bxc3 47. Ke2 e4 48. h4 Kf6 49. g4 Ke5 50. Ke3 a4
51. g5 Kf5 52. a3 Kg4 53. Ke2 Kxh4 54. g6 Kh5 55. Ke3 Kg5 56. Ke2 Kf4 57. Kd1 e3 58. Kc2 e2 59. Kxc3 e1=Q+
0-1

[Event "Churchiecat's Tournament"]
[Site "SchemingMind.com"]
[Date "2015.01.07"]
[Round "-"]
[White "Robert Bruce"]
[Black "William Lindberg"]
[Result "1/2-1/2"]
[WhiteCountry "SCO"]
[BlackCountry "USA"]
[WhiteElo "2121"]
[WhiteRD "67"]
[BlackElo "2204"]
[BlackRD "67"]
[GameID "372577"]

1. d4 d5 2. Nf3 Nf6 3. c4 e6 4. Nc3 Be7 5. Bf4 O-O 6. e3 Nc6 7. Bd3 dxc4 8. Bxc4 Bd6 9. Bg5 h6 10. Bh4 e5
11. d5 Nb8 12. Qc2 Nbd7 13. Rd1 Qe7 14. Be2 Nb6 15. O-O g5 16. Bg3 e4 17. Bxd6 cxd6 18. Ne1 Bd7 19. Qb3 Rac8 20. Rd4 Qe5
21. Nc2 Rc5 22. Na3 Rfc8 23. Nc4 Nxc4 24. Bxc4 Ng4 25. g3 Nf6 26. Be2 b6 27. Rfd1 Kg7 28. Bf1 Bg4 29. R1d2 Bf3 30. Ra4 R5c7
31. Rdd4 h5 32. Rdc4 h4 33. Rxc7 Rxc7 34. Rc4 hxg3 35. hxg3 Rxc4 36. Qxc4 Ng4 37. Qd4 Qxd4 38. exd4 a5 39. Bh3 Nf6 40. Nb5 Nxd5
41. Nxd6 Nb4 42. Nc4 Nxa2 43. Nxb6 Nc1 44. d5 Kf6 45. Bd7 Ke5 46. Bc6 Be2 47. Nd7+ Kd6 48. Nf6 Bf3 49. Nh7 g4 50. Ng5 f5
51. Bb7 Nd3 52. Nf7+ Ke7 53. Nh6 Nxb2 54. Nxf5+ Kd8 55. Nd4 a4 56. Nc2 Nc4 57. Bc6 a3 58. d6 Bd1 59. Nxa3 Nxa3 60. Bxe4 Nb5
61. f4 Nxd6 62. Bd3 Bf3 63. Kf2 Ne4+ 64. Bxe4 Bxe4 65. Ke3 Bc2=
1/2-1/2

[Event "Churchiecat's Tournament"]
[Site "SchemingMind.com"]
[Date "2015.01.07"]
[Round "-"]
[White "William Lindberg"]
[Black "Robert Bruce"]
[Result "1-0"]
[WhiteCountry "USA"]
[BlackCountry "SCO"]
[WhiteElo "2204"]
[WhiteRD "67"]
[BlackElo "2121"]
[BlackRD "67"]
[GameID "372578"]

1. e4 d6 2. Nc3 Nf6 3. Nf3 g6 4. d4 Bg7 5. Be2 O-O 6. O-O c6 7. h3 Nbd7 8. Be3 e5 9. a4 Qe7 10. d5 cxd5
11. exd5 Nh5 12. Re1 a6 13. Nd2 f5 14. Bxh5 f4 15. Bxf4 Rxf4 16. Bf3 h5 17. Nce4 Nf6 18. c4 b6 19. a5 Rb8 20. axb6 Rxb6
21. c5 dxc5 22. d6 Qd8 23. Nc4 Rb4 24. Nxe5 Nxe4 25. Nxg6 Rd4 26. Qb3+ c4 27. Qe3 Rf7 28. Ne7+ Kh8 29. Bxe4 Rxd6 30. Nxc8 Qxc8
31. Ra5 Rh6 32. Rc5 Qb8 33. Rxc4 Qxb2 34. Rc8+ Rf8 35. Qc5 Qf6 36. Rd1 h4 37. Rd5 Qa1+ 38. Kh2 Qf6 39. Rf5 Qd6+ 40. Qxd6 Rxd6
41. Rcxf8+ Bxf8 42. Rxf8+ Kg7 43. Ra8 Rf6 44. f3 Rb6 45. Bd3 Rb2 46. Rxa6 Rd2 47. Be4 Rd8 48. Rg6+ Kf7 49. Rh6 Rd2 50. Rxh4 Kf6
51. Rh5 Rb2 52. Kg3 Ke6 53. h4 Kf6 54. Rc5 Ke7 55. h5 Rb6 56. Rc7+
1-0

[Event "Churchiecat's Tournament"]
[Site "SchemingMind.com"]
[Date "2015.01.14"]
[Round "-"]
[White "khayman"]
[Black "frankly"]
[Result "1/2-1/2"]
[WhiteCountry "ENG"]
[BlackCountry "ENG"]
[WhiteElo "2433"]
[WhiteRD "84"]
[BlackElo "2425"]
[BlackRD "64"]
[GameID "373093"]

1. d4 Nf6 2. c4 e6 3. g3 d5 4. Bg2 Bb4+ 5. Nd2 Nc6 6. Nf3 a5 7. a3 Be7 8. b3 Ne4 9. O-O f5 10. Qc2 O-O
11. Bb2 Bd7 12. Rac1 Be8 13. Ne1 Bh5 14. Ndf3 Bf7 15. Nd3 a4 16. b4 dxc4 17. Nc5 b5 18. Nxe4 fxe4 19. Qxe4 Ra6 20. Rcd1 Bf6
21. Ne5 Ne7 22. f4 Bh5 23. g4 Be8 24. Qf3 Rd6 25. e4 h6 26. Qe2 Bxe5 27. dxe5 Rxd1 28. Rxd1 Qb8 29. f5 Bf7 30. Bf3 Rd8
31. Rxd8+ Qxd8 32. Kf2 Nc8 33. f6 Nb6 34. Qe3 Qd3 35. fxg7 Kxg7 36. h4 Qc2+ 37. Qe2 Qd3 38. Bc1 Qxe2+ 39. Bxe2 Nd7 40. Be3 Bg6
41. Bf3 Bf7 42. Kg3 Be8 43. Be2 Nf8 44. g5 hxg5 45. Bxg5 Kh7 46. Bd8 c6 47. Bb6 Bg6 48. Bc5 Nd7 49. Bd4 Nf8=
1/2-1/2

[Event "Churchiecat's Tournament"]
[Site "SchemingMind.com"]
[Date "2015.01.14"]
[Round "-"]
[White "frankly"]
[Black "khayman"]
[Result "1/2-1/2"]
[WhiteCountry "ENG"]
[BlackCountry "ENG"]
[WhiteElo "2425"]
[WhiteRD "64"]
[BlackElo "2433"]
[BlackRD "84"]
[GameID "373094"]

1. d4 Nf6 2. c4 g6 3. Nf3 Bg7 4. Nc3 d6 5. h3 O-O 6. e4 e5 7. dxe5 dxe5 8. Bg5 Na6 9. Qc2 Nb4 10. Qb3 c5
11. Be2 Nc6 12. Nd5 Qd6 13. Rd1 Nxd5 14. Rxd5 Qc7 15. Rxc5 f5 16. Be3 b6 17. Rxc6 Qxc6 18. exf5 Bxf5 19. O-O Kh8 20. Rc1 e4
21. Nd4 Qf6 22. c5 bxc5 23. Rxc5 Rfd8 24. Nc6 Be6 25. Qb7 Rf8 26. b4 Qa1+ 27. Bf1 Qxa2 28. Qe7 Rae8 29. Qxa7 Qxa7 30. Nxa7 Rd8
31. Bc4 Bg8 32. Bxg8 Kxg8 33. Nc6 Rd1+ 34. Kh2 Rb1 35. b5 Bf6 36. Rd5 Bh4 37. g3 Bf6 38. b6 Ra8 39. g4 Bh4 40. Na5 Rf8
41. Rd2 Rd8=
1/2-1/2

[Event "Churchiecat's Tournament"]
[Site "SchemingMind.com"]
[Date "2015.01.14"]
[Round "-"]
[White "William Lindberg"]
[Black "khayman"]
[Result "1/2-1/2"]
[WhiteCountry "USA"]
[BlackCountry "ENG"]
[WhiteElo "2191"]
[WhiteRD "70"]
[BlackElo "2441"]
[BlackRD "85"]
[GameID "373098"]

1. e4 c5 2. Nf3 d6 3. Bb5+ Nc6 4. d4 cxd4 5. Nxd4 Bd7 6. O-O Nf6 7. Nc3 g6 8. Bxc6 bxc6 9. Nf3 Qc7 10. Re1 Bg7
11. e5 dxe5 12. Nxe5 Be6 13. Nd3 O-O 14. Bf4 Qa5 15. Be5 Bg4 16. Qd2 Bf5 17. Qf4 Bxd3 18. cxd3 Rfe8 19. Qc4 Nd5 20. d4 Bxe5
21. Rxe5 Rac8 22. a3 Red8 23. Rd1 Qb6 24. Rd2 e6 25. Ne4 Rb8 26. Qc1 a5 27. h4 h5 28. Nc5 Kg7 29. Rg5 Rd6 30. Ne4 Rd7
31. Qd1 Nf6 32. Nc5 Rd5 33. Qc2 Rf5 34. Re2 Rd8 35. Rxf5 exf5 36. Re7 Rb8 37. b3 Nd5 38. Re1 Qd8=
1/2-1/2

[Event "Churchiecat's Tournament"]
[Site "SchemingMind.com"]
[Date "2015.01.18"]
[Round "-"]
[White "khayman"]
[Black "Jari Laine"]
[Result "1-0"]
[WhiteCountry "ENG"]
[BlackCountry "FIN"]
[WhiteElo "2460"]
[WhiteRD "87"]
[BlackElo "2382"]
[BlackRD "81"]
[GameID "373335"]

1. d4 Nf6 2. c4 g6 3. g3 Bg7 4. Bg2 d5 5. cxd5 Nxd5 6. e4 Nb6 7. Ne2 c5 8. d5 O-O 9. O-O e6 10. Nbc3 exd5
11. exd5 Bf5 12. Be3 N8d7 13. b3 Rc8 14. Rc1 Ne5 15. h3 Re8 16. Nf4 c4 17. Qd2 Bf8 18. Rfe1 Bb4 19. Bd4 Qd6 20. Re3 Nbd7
21. Qe2 cxb3 22. axb3 a6 23. g4 g5 24. Nh5 Bg6 25. Ng3 h6 26. Rd1 Qf8 27. Nce4 f6 28. d6 Rcd8 29. Nf5 Bxf5 30. gxf5 b6
31. Rg3 Kh8 32. Qh5
1-0

[Event "Churchiecat's Tournament"]
[Site "SchemingMind.com"]
[Date "2015.01.21"]
[Round "-"]
[White "Jari Laine"]
[Black "jrsanpedro"]
[Result "1-0"]
[WhiteCountry "FIN"]
[BlackCountry "ARG"]
[WhiteElo "2382"]
[WhiteRD "81"]
[BlackElo "2128"]
[BlackRD "72"]
[GameID "373336"]

1. c4 e6 2. d4 d5 3. Nc3 c6 4. Nf3 Nf6 5. Bg5 h6 6. Bxf6 Qxf6 7. e3 Nd7 8. Bd3 dxc4 9. Bxc4 g6 10. O-O Bg7
11. Re1 O-O 12. e4 e5 13. d5 Rd8 14. h3 Nc5 15. Qe2 b5 16. b4 Ne6 17. dxe6 bxc4 18. exf7+ Qxf7 19. Na4 Rf8 20. Nd2 a5
21. Nb6 c3 22. Nxa8 cxd2 23. Qxd2 Qb7 24. bxa5 Qxa8 25. Rab1 Be6 26. Rb6 Bf7 27. a6 Rd8 28. Qa5 Bf6 29. Reb1
1-0

[Event "Churchiecat's Tournament"]
[Site "SchemingMind.com"]
[Date "2015.01.21"]
[Round "-"]
[White "jrsanpedro"]
[Black "Jari Laine"]
[Result "1/2-1/2"]
[WhiteCountry "ARG"]
[BlackCountry "FIN"]
[WhiteElo "2158"]
[WhiteRD "69"]
[BlackElo "2358"]
[BlackRD "83"]
[GameID "373337"]

1. e4 e6 2. d4 d5 3. Nd2 dxe4 4. Nxe4 Nd7 5. Nf3 Ngf6 6. Bd3 c5 7. O-O Nxe4 8. Bxe4 Nf6 9. Bg5 cxd4 10. Nxd4 Be7
11. Bf3 O-O 12. Qd3 Qb6 13. Rad1 Rd8 14. Be3 Qa5 15. Qb5 Qc7 16. Qb3 Bd7 17. Nb5 Qa5 18. c4 Bxb5 19. cxb5 Rxd1 20. Rxd1 Rd8
21. Rxd8+=
1/2-1/2

[Event "Churchiecat's Tournament"]
[Site "SchemingMind.com"]
[Date "2015.01.18"]
[Round "-"]
[White "Jari Laine"]
[Black "frankly"]
[Result "1/2-1/2"]
[WhiteCountry "FIN"]
[BlackCountry "ENG"]
[WhiteElo "2382"]
[WhiteRD "84"]
[BlackElo "2425"]
[BlackRD "64"]
[GameID "373340"]

1. d4 Nf6 2. Nf3 d5 3. c4 e6 4. Nc3 h6 5. e3 c5 6. Be2 dxc4 7. O-O cxd4 8. exd4 Nc6 9. Bxc4 Bd6 10. Qe2 O-O
11. Rd1 a6 12. Bb3 Qe7 13. Ne5 Rd8 14. Bf4 Bd7 15. Bg3 Be8 16. a3 Qc7 17. Rac1 Rac8 18. Bc2 b5 19. Ne4 Nxe4 20. Qxe4 f5
21. Qe1 Bxe5 22. dxe5 Nd4 23. Bd3 Qb7 24. Bf1 Rxc1 25. Rxc1 b4 26. Qxb4 Qxb4 27. axb4 Nb3 28. Re1 Bb5 29. f3 Kf7 30. Bxb5 axb5
31. Rb1 Rd5 32. Be1 Rxe5 33. Bc3 Rd5 34. Kf2 g6=
1/2-1/2

[Event "Churchiecat's Tournament"]
[Site "SchemingMind.com"]
[Date "2015.01.18"]
[Round "-"]
[White "frankly"]
[Black "Jari Laine"]
[Result "1/2-1/2"]
[WhiteCountry "ENG"]
[BlackCountry "FIN"]
[WhiteElo "2425"]
[WhiteRD "64"]
[BlackElo "2382"]
[BlackRD "84"]
[GameID "373341"]

1. d4 e6 2. c4 Bb4+ 3. Bd2 Bxd2+ 4. Qxd2 Nf6 5. Nc3 O-O 6. e4 d5 7. e5 Ne4 8. Nxe4 dxe4 9. Rd1 b6 10. Ne2 Bb7
11. Nc3 Nc6 12. Qe3 Ne7 13. Nxe4 Nf5 14. Qf4 Qe7 15. f3 Bxe4 16. fxe4 Nh4 17. Rd2 Rad8 18. Qe3 Rd7 19. g3 Ng6 20. b3 Rfd8
21. Kf2 Nxe5 22. Bh3 c5 23. d5 a6 24. a4 h6 25. Rhd1 Qg5 26. Qxg5 hxg5 27. Bf1 a5 28. Be2 Kf8 29. h4 gxh4 30. gxh4 Ke7
31. h5 Rh8 32. Rh1 g6 33. Rdd1 Rdd8=
1/2-1/2

[Event "Churchiecat's Tournament"]
[Site "SchemingMind.com"]
[Date "2015.01.18"]
[Round "-"]
[White "Jari Laine"]
[Black "Robert Bruce"]
[Result "1/2-1/2"]
[WhiteCountry "FIN"]
[BlackCountry "SCO"]
[WhiteElo "2298"]
[WhiteRD "74"]
[BlackElo "2238"]
[BlackRD "63"]
[GameID "373342"]

1. e4 c6 2. d4 d5 3. e5 Bf5 4. Nc3 e6 5. Be2 Bg6 6. Nf3 c5 7. dxc5 Bxc5 8. Na4 Be7 9. c4 dxc4 10. Qxd8+ Bxd8
11. Bxc4 Ba5+ 12. Ke2 Nc6 13. Nc5 O-O-O 14. Bg5 Nge7 15. Rac1 Bb4 16. Bxe7 Nxe7 17. Bxe6+ Kc7 18. Bxf7 Bxf7 19. Na6+ Kb6 20. Nxb4 Rhe8
21. Rhd1 Rxd1 22. Rxd1 Ng6 23. b3 Nxe5 24. Nd5+ Bxd5 25. Rxd5 Ng4+ 26. Kf1 Nf6 27. Rd6+ Kc5 28. Rd1 b5 29. a3 a5 30. g3 h6
31. h3 Re7 32. Rd3 Nd5 33. Nd4 Re5 34. Ne2 g6 35. Rd2 Re8 36. Rc2+ Kb6 37. Nd4 Re4 38. Rd2 b4 39. Nc2 Kc5 40. a4 g5
41. Rd3 Re8 42. Rf3 Kd6 43. Rf5 Rc8 44. Nd4 Rc1+ 45. Ke2 Rb1 46. Kd2 Rf1 47. Kd3 Rd1+ 48. Kc4 Rc1+ 49. Kb5 Rd1 50. Nf3 Ke6
51. Rf8 Rd3 52. Kxa5 Ke7 53. Rf5 Ke6 54. g4 Kd6 55. Kb5 Nf4 56. Ne1 Rxb3 57. Nc2 Nd5 58. a5 Rxh3 59. f3 b3= 60. Na3 Nc7+
61. Ka4 b2 62. Nc4+ Kc6 63. Rf6+ Kd5 64. Nxb2 Rh1 65. Kb3 Ne6 66. Na4 Nd4+ 67. Kb2 Rh2+ 68. Kc3 Rh1 69. Nb6+ Ke5 70. Nd7+ Kd5
71. a6 Rc1+ 72. Kd2 Ra1 73. Rxh6 Nxf3+ 74. Kc3 Ne5 75. Nf6+=
1/2-1/2

[Event "Churchiecat's Tournament"]
[Site "SchemingMind.com"]
[Date "2015.01.18"]
[Round "-"]
[White "Robert Bruce"]
[Black "Jari Laine"]
[Result "1/2-1/2"]
[WhiteCountry "SCO"]
[BlackCountry "FIN"]
[WhiteElo "2193"]
[WhiteRD "64"]
[BlackElo "2372"]
[BlackRD "75"]
[GameID "373343"]

1. c4 e5 2. g3 Nc6 3. Nc3 Nf6 4. Bg2 Bc5 5. e3 d5 6. cxd5 Nb4 7. d4 exd4 8. exd4 Be7 9. Nge2 O-O 10. O-O Nbxd5
11. Qb3 c6 12. Nxd5 Nxd5 13. Nf4 Nxf4 14. Bxf4 Qxd4 15. Rfe1 Bf6 16. Re2 Bg4 17. Be3 Qd7 18. Rd2 Qc7 19. Qa4 Be6 20. Bf4 Qc8
21. a3 h6 22. Qb4 Re8 23. Re1 Re7 24. Bd6 Rd7 25. Bf3 a5 26. Qc5 Qd8 27. Rxe6 fxe6 28. Bg4 Qe8 29. Re2 Rdd8 30. Bxe6+ Kh8
31. Bc7 Rd1+ 32. Kg2 Rb1 33. b3 Rb2 34. Re3 a4 35. bxa4 Qf8 36. Bd6 Qd8 37. Bf7 Qb6 38. Qxb6 Rxb6 39. Re4 Rb2 40. Bg6 Rd2
41. Bc5 Rd5 42. Be3 Rd7 43. Bc5 Bb2 44. h4 Rd5 45. Rc4 Be5 46. Bf7 Rd7 47. Bg6 Bd6 48. Rd4 Rad8 49. Bf5 Rf7 50. g4 Be7
51. Rxd8+ Bxd8 52. h5 b6 53. Be3 Ra7 54. Bc2 Ra6 55. Bc1 Ra5 56. Be3 Re5 57. Kf1 c5 58. Bd2 Re6 59. Bf5 Re7 60. Bc2= Re8
61. Bf4 Rf8 62. Bf5 Rf7=
1/2-1/2

[Event "Churchiecat's Tournament"]
[Site "SchemingMind.com"]
[Date "2015.01.18"]
[Round "-"]
[White "Jari Laine"]
[Black "William Lindberg"]
[Result "1-0"]
[WhiteCountry "FIN"]
[BlackCountry "USA"]
[WhiteElo "2358"]
[WhiteRD "83"]
[BlackElo "2191"]
[BlackRD "70"]
[GameID "373344"]

1. e4 e5 2. Bc4 Nf6 3. d3 Bc5 4. Nc3 d6 5. f4 Ng4 6. f5 h5 7. Nh3 Qh4+ 8. Kf1 O-O 9. Qe2 Qe7 10. Bg5 Qd7
11. Nf2 Bxf2 12. h3 Ne3+ 13. Kxf2 Nxc4 14. dxc4 f6 15. Be3 Nc6 16. Qxh5 Nd4 17. Qd1 c5 18. Nd5 b6 19. c3 Nc6 20. h4 Bb7
21. h5 Qf7 22. Rh4 Ne7 23. Nxe7+ Qxe7 24. h6 g5 25. fxg6 f5 26. Qh5 f4 27. g7 Bxe4 28. Rg4 fxe3+ 29. Kxe3 Rf3+ 30. gxf3 Bh7
31. Rd1 Qe6 32. Rg2 Rd8 33. Rgd2 Bg6 34. Qg4 Qxg4 35. fxg4 Kh7 36. Rxd6 Rg8 37. g5 Bf7 38. b3 Bh5 39. Rf1 Rxg7 40. hxg7 Kxg7
41. Rff6 Be8 42. Rd8 Bh5 43. Rd7+ Kg8 44. Rc6 Bf7 45. g6
1-0

[Event "Churchiecat's Tournament"]
[Site "SchemingMind.com"]
[Date "2015.01.18"]
[Round "-"]
[White "William Lindberg"]
[Black "Jari Laine"]
[Result "0-1"]
[WhiteCountry "USA"]
[BlackCountry "FIN"]
[WhiteElo "2236"]
[WhiteRD "67"]
[BlackElo "2382"]
[BlackRD "81"]
[GameID "373345"]

1. c4 Nc6 2. d4 d5 3. cxd5 Qxd5 4. Nf3 e5 5. Nc3 Bb4 6. Bd2 Bxc3 7. Bxc3 e4 8. Ne5 Nxe5 9. dxe5 Ne7 10. e3 O-O
11. Qh5 Be6 12. Be2 Qc5 13. Bd4 Qb4+ 14. Bc3 Qb6 15. Qh4 Nd5 16. O-O Nxc3 17. bxc3 Bd5 18. Rad1 Qe6 19. Qg5 h6 20. Qf4 Rae8
21. Bb5 c6 22. c4 Bxc4 23. Bxc4 Qxc4 24. Rd7 b5 25. Rfd1 a5 26. R1d2 Qc1+ 27. Rd1 Qc2 28. R7d2 Qc4 29. Qf5 c5 30. h3 b4
31. Qd7 Rxe5 32. Qc7 Ree8 33. Qc6 Rb8 34. Kh2 Rfc8 35. Qa4 Qb5 36. Qc2 Qe8 37. Rd5 a4 38. Qc4 Qe6 39. f3 exf3 40. gxf3 b3
41. axb3 Qxe3 42. Rg1 axb3 43. Rd3 Qe2+ 44. Rg2 Qe5+ 45. f4 Qe6 46. Qc3 g6 47. Rb2 c4 48. Re3 Qd6 49. Kg3 Rb5 50. Rf3 Qd7
51. Re2 Rd5 52. Ref2 Rd1 53. Rf1 Rxf1 54. Rxf1 Qd3+ 55. Qxd3 cxd3 56. Kf2 b2 57. Rb1 d2 58. Ke2 Rc1 59. Kxd2 Rxb1 60. Kc2 Rf1
61. Kxb2 Rxf4 62. Kc2 Rd4
0-1